Normal view
MARC view
- اللغة العربية - بلاغة - الأدب العربي - مجموعات
Entry Topical Term
001 - CONTROL NUMBER
- control field: 23043
003 - CONTROL NUMBER IDENTIFIER
- control field: JO-AjAnu
005 - DATE AND TIME OF LATEST TRANSACTION
- control field: 20230606073952.0
008 - FIXED-LENGTH DATA ELEMENTS
- fixed length control field: 230606|| aca||aabn | a|a d
040 ## - CATALOGING SOURCE
- Original cataloging agency: JO-AjAnu
- Transcribing agency: JO-AjAnu
150 ## - HEADING--TOPICAL TERM
- Topical term or geographic name entry element: اللغة العربية - بلاغة - الأدب العربي - مجموعات
670 ## - SOURCE DATA FOUND
- Source citation: Work cat.: (JO-AjAnu)11842: تأليف الجاحظ،أبو عثمان عمر بن بحر بن محبوب ؛ قدم لها وبوبها وشرحها علي أبو ملحم, author 23042, البيان والتبيين للجاحظ أبي عثمان عمرو بن بحر بن محبوب، المجلد الأول